Thiên Long Bát Bộ Tập 47 Đường Tăng Lầy Vọ
Shranjeno v:
| Glavni avtor: | |
|---|---|
| Drugi avtorji: | |
| Format: | Knjiga |
| Jezik: | Vietnamese |
| Teme: | |
| Oznake: |
Označite
Brez oznak, prvi označite!
|
| Thư viện lưu trữ: | Mạng thư viện Đại học Đà Nẵng |
|---|
| LEADER | 00757nam a2200289 4500 | ||
|---|---|---|---|
| 001 | 000007789 | ||
| 003 | 3955 | ||
| 005 | 20111011151000.0 | ||
| 008 | 111011s viesd | ||
| 020 | |c 100000đ | ||
| 041 | 0 | |a vie | |
| 082 | |a 892.15 |b KI-D | ||
| 100 | 0 | |a Kim Dung | |
| 245 | 1 | 0 | |a Thiên Long Bát Bộ |c Kim Dung |n Tập 47 |p Đường Tăng Lầy Vọ |
| 653 | |a văn học trung quoc | ||
| 700 | |a Huy |e dich | ||
| 700 | |a Kim Dung |e nguyên tác | ||
| 773 | |t Thiên Long Bát Bộ |w 3952 | ||
| 910 | |a Huy |d 20/10/2011 | ||
| OWN | |a LSP | ||
| 999 | |a From the UDN01 | ||
| TYP | |a Monograph | ||
| TYP | |a Printed language | ||
| 980 | |a Mạng thư viện Đại học Đà Nẵng | ||